Statistics for 2016 NBA Draft Quiz

Click here to take the quiz!

General Stats

  • This quiz has been taken 9 times
  • The average score is 7 of 20

Answer Stats

Pick #Team Drafted ByPlayer% Correct
1PHIBen Simmons
100%
3BOSJaylen Brown
100%
2LALBrandon Ingram
75%
4PHODragan Bender
63%
7DENJamal Murray
50%
11ORLDomantas Sabonis
38%
8SACMarquese Chriss
38%
6NOPBuddy Hield
25%
14CHIDenzel Valentine
25%
13PHOGeorgios Papagiannis
25%
16BOSGuerschon Yabusele
25%
18DETHenry Ellenson
25%
9TORJakob Poeltl
25%
15DENJuancho Hernangomez
25%
5MINKris Dunn
25%
10MILThon Maker
25%
17MEMWade Baldwin
25%
19DENMalik Beasley
13%
12UTATaurean Prince
13%
20INDCaris LaVert
0%

Score Distribution

Percentile by Number Answered

Percent of People with Each Score

Your Score History

You have not taken this quiz